| 000 | 01197nam a2200301 a 4500 | ||
|---|---|---|---|
| 001 | |||
| 003 | DO-SdBPM | ||
| 005 | 20250514102421.0 | ||
| 008 | 090706s2017 dr ad 001 0 spa d | ||
| 040 |
_aDO-SdBPM _bspa _cBPMSU |
||
| 082 | 4 |
_a321.8097293 _bES77c 2017 _222 |
|
| 100 | 1 | _aEspinal, Rosario | |
| 245 | 0 | 4 |
_aLa cultura política de la democracia en la República Dominicana y en las Américas, 2016/2017 : _bun estudio comparado sobre democracia y gobernabilidad/ _c Rosario Espinal, Jana Morgan |
| 260 |
_aSanto Domingo : _bEl Pueblo de los Estados Unidos de América, _c 2017 |
||
| 300 |
_a228 p. ; _c24 cm. _b |
||
| 500 | _aIncluye referencias bibliográficas y notas al pie de las páginas | ||
| 504 | _aBibliografía : p 175-186 | ||
| 590 | _aInventariado, 2025/VM | ||
| 650 | 4 |
_aDemocracia _zRepública Dominicana |
|
| 650 | 4 |
_aCultura política _zRepública Dominicana |
|
| 651 | 4 |
_aRepública Dominicana _xPolítica y gobierno. _z |
|
| 651 | 4 | _a | |
| 700 | 1 |
_aMorgan, Jana _e autor _d |
|
| 710 | 1 | _aInstituto Tecnológico de Santo Domingo | |
| 710 | 1 | _aEl Pueblo de Los Estados Unidos de América | |
| 910 | _aVMateo V. Control de calidad. BPMSU | ||
| 942 |
_2ddc _cBK |
||
| 999 |
_c15050 _d15050 |
||